Statystyki dla Kadra FC Barcelony 2024

Kliknij tutaj aby rozwiązać quiz!

Ogólne statystyki

  • Ten quiz został rozwiązany 121 razy
  • Średni wynik to 18 z 27

Statystyki odpowiedzi

PozycjaZawodnik% Poprawnych
BramkarzTer Stegen
98%
Środkowy napastnikRobert Lewandowski
95%
Środkowy pomocnikPablo Gavi
92%
Środkowy pomocnikPedri
89%
TrenerXavi
89%
Prawy napastnikLamine Yamal
85%
Środkowy obrońcaRonald Araujo
83%
Środkowy obrońcaJules Kounde
80%
Prawy obrońcaJoao Cancelo
77%
Środkowy pomocnikde Jong
75%
Środkowy obrońcaAndreas Christensen
74%
Lewy napastnikFerran Torres
71%
BramkarzInaki Pena
71%
Lewy napastnikJoao Felix
69%
Prawy napastnikRaphinha
69%
Środkowy pomocnikIlkay Gundogan
67%
Środkowy obrońcaPau Cubarsi
65%
Lewy obrońcaAlejandro Balde
63%
Środkowy pomocnikFermin Lopez
62%
Środkowy napastnikVitor Roque
58%
Środkowy pomocnikOriol Romeu
55%
Środkowy pomocnikSergi Roberto
54%
Środkowy obrońcaInigo Martinez
48%
Prawy obrońcaHector Fort
44%
Lewy obrońcaMarcos Alonso
43%
Środkowy napastnikMarc Guiu
40%
BramkarzAnder Astrelaga
1%

Rozkład punktacji

Percentyl według liczby udzielonych odpowiedzi

Procent ludzi z każdym wynikiem

Twoja historia wyników

Nie rozwiązałeś tego quizu